| 000 | 00793 a2200217 4500 | ||
|---|---|---|---|
| 001 | 25212 | ||
| 005 | 20260407155535.0 | ||
| 008 | 260407a1953 arg spa d | ||
| 003 | AR-UNSa-BCEJYS | ||
| 040 |
_aAR-UNSa-BCEJYS _bspa _cAR-UNSa-BCEJYS |
||
| 080 |
_a519.2 _xProbabilidades y estadística matemática |
||
| 245 | 1 | 0 | _aCurso de estadística |
| 250 | _a2a. ed | ||
| 264 | 1 |
_aBarcelona : _bLabor _c1953 |
|
| 300 |
_a554 p. _c23 cm. |
||
| 505 | _a1. Premisas generales - 2. Recopilación de datos - 3. Representación de los datos - 4. Medición de fenómenos estadísticos - 5. Integración y valoración de los datos - 6. La lógica de la estadística. | ||
| 942 | _cBK | ||
| 590 | _aniveau_biblio:m niveau_hierar:0 | ||
| 100 | 1 | _aGini, Corrado | |
| 700 | 1 | _aStecher Navarra, Jorge | |
| 999 |
_c1321 _d1321 |
||